000 00695nam a2200241Ia 4500
003 OSt
005 20220924121235.0
006 a|||||r|||| 00| 0
007 ta
008 220923b |||||||| |||| 00| 0 tel d
024 _a346172
037 _cTextual
040 _aARTS
_cARTS
_btel
041 _2tel
_atel
082 _aO35:g, M5
100 _aAchyutaramashastri Ogeti Au.
_9184918
245 0 _aHyderabad Nagara Telugu bASHA sAHITHYA vIKASA Charithra
260 _aHyderabad
_bBrindavan Press India
_c1985
300 _a145p.
_ccm.
650 _aTELUGU LITERATURE
942 _hO35:g, M5
_cTEXL
_2CC
999 _c406547
_d406547